| 000 | 00828nam a22001457a 4500 | ||
|---|---|---|---|
| 003 | OSt | ||
| 005 | 20160330083101.0 | ||
| 008 | 160330b xxu||||| |||| 00| 0 eng d | ||
| 040 | _cRUA | ||
| 082 | _aAVM DO 2011 B472 Or.1 | ||
| 100 |
_98226 _aDO DEN; ដួ ដែន |
||
| 245 | _aStudy on growth rate of cp-avianby using cp feed and concentrate of broken rice and soybean at agriculture, ការសិក្សាលើការលូតលាស់របស់មាន់ពូជ CP-AVIAN ដោយប្រើប្រាស់ចំណីផ្សំក្រុមហ៊ុន CP និងចំណីផ្សំមានចុងអង្ករ សណ្ដែកសៀង នៅសាកលវិទ្យាល័យភូមិន្ទកសិកម្ម | ||
| 300 |
_aix,36p. _bill. _c29cm. |
||
| 942 |
_2ddc _cAVM |
||
| 999 |
_c7849 _d7849 |
||